La liaison des faits et de la theorie.

Detalles Bibliográficos
Formato: Libro
Lenguaje:inglés
Publicado: Paris, Francia Universite des sciences sociales

MARC

LEADER 00000cam a2200000 a 4500
001 000025
003 UAHC_CL
005 20170803115611.0
008 030314b xx j 000 1 eng
040 |a UAHC_CL  |c UAHC_CL  |d UAHC_CL 
245 1 3 |a La liaison des faits et de la theorie. 
260 |b Universite des sciences sociales  |a Paris, Francia 
300 |a 151p. 
942 |c BK 
952 |0 0  |1 0  |4 0  |7 0  |8 General  |9 30  |a BC  |b BC  |c General  |d 2017-08-03  |l 0  |p 1335438  |r 2022-03-04 00:00:00  |t 1  |w 2017-08-03  |y BK 
999 |c 25  |d 25